|
|
|
|
| LEADER |
00000nam0a2200000 4500 |
| 001 |
676580 |
| 005 |
20241113124725.0 |
| 035 |
|
|
|a (RuTPU)RU\TPU\book\344906
|
| 090 |
|
|
|a 676580
|
| 100 |
|
|
|a 20241113d1970 km|y0rusy50 ca
|
| 101 |
0 |
|
|a rus
|
| 102 |
|
|
|a RU
|
| 105 |
|
|
|a a z 001zy
|
| 181 |
|
0 |
|a i
|b e
|
| 182 |
|
0 |
|a n
|
| 183 |
|
0 |
|a nc
|2 RDAcarrier
|
| 200 |
|
0 |
|a Вып. 123
|g Центральный научно-исследовательский автомобильный и автомоторный институт (НАМИ) ; отв. ред. А. А. Липгарт
|
| 203 |
|
|
|a Текст
|b визуальный
|c непосредственный
|
| 210 |
|
|
|a Москва
|c Типография НАМИ
|d 1970
|
| 215 |
|
|
|a 102 с.
|c ил.
|
| 283 |
|
|
|a volume
|
| 320 |
|
|
|a библ. в конце статей
|
| 330 |
|
|
|a с. 91-102
|
| 461 |
1 |
|
|0 676182
|9 676182
|c Москва
|d 1959-1976
|f Центральный научно-исследовательский автомобильный и автомоторный институт (НАМИ) ; отв. ред. А. А. Липгарт
|n Типография НАМИ
|n Машгиз
|o сборник научных статей
|t Труды Центрального научно-исследовательского автомобильного и автомоторного института (НАМИ)
|v Вып. 123
|
| 606 |
1 |
|
|a Автомобили
|9 29789
|
| 610 |
1 |
|
|a силовые агрегаты
|
| 610 |
1 |
|
|a картерные детали
|
| 610 |
1 |
|
|a вибрационные напряжения
|
| 610 |
1 |
|
|a пленочное смесеобразование
|
| 610 |
1 |
|
|a рабочий процесс
|
| 610 |
1 |
|
|a дизели
|
| 610 |
1 |
|
|a теплоизоляционные покрытия
|
| 610 |
1 |
|
|a смежные системы
|
| 610 |
1 |
|
|a двухтактные карбюраторные двигатели
|
| 610 |
1 |
|
|a кривошипно-камерная продувка
|
| 610 |
1 |
|
|a цилиндр (двигатель)
|
| 610 |
1 |
|
|a подшипники
|
| 610 |
1 |
|
|a валы
|
| 610 |
1 |
|
|a траектории
|
| 610 |
1 |
|
|a автомобильные масла
|
| 610 |
1 |
|
|a физико-химические свойства
|
| 610 |
1 |
|
|a коленчатый вал
|
| 610 |
1 |
|
|a марочные стали
|
| 610 |
1 |
|
|a выхлопные газы
|
| 610 |
1 |
|
|a измерительные приборы
|
| 610 |
1 |
|
|a системы наддува
|
| 610 |
1 |
|
|a насос-форсунки
|
| 610 |
1 |
|
|a топливо
|
| 610 |
1 |
|
|a сгорание
|
| 610 |
1 |
|
|a вихревое движение
|
| 610 |
1 |
|
|a токсичность
|
| 610 |
1 |
|
|a антифрикационные сплавы
|
| 675 |
|
|
|a 621.892
|v 4
|
| 702 |
|
1 |
|a Липгарт
|b А. А.
|4 340
|
| 712 |
0 |
2 |
|a Государственный научно-исследовательский автомобильный и автомоторный институт (НАМИ)
|c (Москва)
|c (1946-1957)
|3 (RuTPU)RU\TPU\col\13490
|
| 801 |
|
1 |
|a RU
|b 63413507
|c 20241113
|
| 801 |
|
2 |
|a RU
|b 63413507
|c 20241113
|g RCR
|
| 850 |
|
|
|a 63413507
|
| 942 |
|
|
|c CR
|